[Event "Skalica Open 2019"]
[Site "Skalica"]
[Date "2019.08.26"]
[Round "2.8"]
[White "Gresova, Zuzana"]
[Black "Pechac, Jergus"]
[Result "0-1"]
[WhiteElo "2008"]
[BlackElo "2471"]
[Annotator "TA"]
[PlyCount "58"]
[EventDate "2019.08.25"]
[EventType "swiss"]
[EventCountry "SVK"]
[SourceTitle "playchess.com"]
[Source "ChessBase"]
[SourceQuality "1"]

{[%evp 17,58,22,15,-2,0,-10,8,0,0,-9,-10,-14,-2,-14,21,0,18,0,25,0,23,17,24,-30,-26,-21,-21,-76,-82,-158,-162,-157,-139,-145,-141,-170,-139,-285,-321,-678,-697,-660,-646]} 1. d4 d5 2. c4 c6 3. Nf3 Nf6 4. e3 Bf5 5. Bd3 Bxd3 6. Qxd3 e6 7. O-O Nbd7 8. Nc3 Bb4 9. Bd2 a5 10. b3 {D12: Slav Defence: 3 Nf3 Nf6 4 e3 Bf5} O-O 11. h3 $146 (11. a3 $5 {[%cal Ra3b4]} Bxc3 12. Bxc3 $11) ({Predecessor:} 11. Rfd1 Qb8 12. Rac1 Bxc3 13. Bxc3 Rd8 14. a4 Ne4 15. Be1 h6 16. Nd2 {½-½ (16) Dreev,A (2630)-Bareev,E (2675) Elista 1998}) 11... h6 12. Rfd1 {The position is equal.} Qe7 13. Bc1 Bxc3 14. Qxc3 Ne4 15. Qd3 f5 16. Nd2 Qh4 17. Qf1 g5 18. f3 Nxd2 19. Bxd2 g4 20. Be1 ({White should try} 20. Qf2 Qxf2+ 21. Kxf2) 20... Qg5 $36 {[%mdl 2048] Black is more active.} 21. f4 Qg7 22. Kh2 (22. hxg4 $11 Qxg4 23. Qf3) 22... Nf6 $17 23. h4 {[#]} (23. Bh4 $142) 23... g3+ $1 {[%mdl 512]} 24. Kg1 (24. Bxg3 Ng4+) 24... Ne4 25. Qf3 Kh7 26. a3 Rg8 27. b4 (27. h5 $17) 27... axb4 $19 ({Resist} 27... dxc4 28. bxa5 Qe7 29. Rdc1 $19) 28. axb4 $2 {[#]} (28. cxd5 bxa3 29. dxe6) 28... dxc4 29. Rdc1 b5 {Accuracy: White = 13%, Black = 57%.} 0-1

[Event "Skalica Open 2019"]
[Site "Skalica"]
[Date "2019.08.26"]
[Round "2.9"]
[White "Aleksandrovskiy, Dmitriy"]
[Black "Husek, Martin"]
[Result "1-0"]
[WhiteElo "2284"]
[BlackElo "2182"]
[Annotator "NA"]
[PlyCount "87"]
[EventDate "2019.08.25"]
[EventType "swiss"]
[EventCountry "SVK"]
[SourceTitle "playchess.com"]
[Source "ChessBase"]
[SourceQuality "1"]
[TimeControl "40/5400+30:1800+30"]

1. g3 {[%emt 0:00:00]} c5 {[%emt 0:00:00]} 2. Bg2 {[%emt 0:00:00]} Nc6 {[%emt 0:00:06]} 3. Nf3 {[%emt 0:01:27]} g6 {[%emt 0:00:27]} 4. c3 {[%emt 0:05:14]} Bg7 {[%emt 0:00:56]} 5. O-O {[%emt 0:00:29]} e5 {[%emt 0:06:03]} 6. d3 {[%emt 0:00:11]} Nge7 {[%emt 0:01:41]} 7. e4 {[%emt 0:00:44]} O-O {[%emt 0:06:18]} 8. Bg5 {[%emt 0:06:56] A04: Unusual lines after 1 Nf3 and King's Indian Attack} (8. a3 a5 9. a4 d5 10. Na3 d4 11. cxd4 cxd4 12. Nc4 Rb8 13. b3 b5 14. axb5 Rxb5 15. Ba3 Nb4 16. Bxb4 axb4 {1-0 (37) Maghsoodloo,P (2673)-Grandelius,N (2694) Astana 2019}) 8... h6 {[%emt 0:03:46]} 9. Be3 {[%emt 0:00:13]} d6 {[%emt 0:00:15]} 10. b4 $146 {[%emt 0:08:56]} ({Predecessor:} 10. Qd2 Kh7 11. d4 cxd4 12. cxd4 d5 13. Nxe5 dxe4 14. Bxe4 Nxe5 15. dxe5 Qxd2 16. Nxd2 Bxe5 {0-1 (81) Bjornsson,S (2327)-Kukula,P (2211) Warsaw 2015}) 10... cxb4 {[%emt 0:22:26]} 11. cxb4 {[%emt 0:00:13]} Kh7 {[%emt 0:00:14]} 12. b5 {[%emt 0:01:52]} Nd4 {[%emt 0:00:19]} 13. Bxd4 {[%emt 0:00:30]} exd4 {[%emt 0:00:11]} 14. Nbd2 {[%emt 0:00:38]} Be6 {[%emt 0:19:21]} 15. Qa4 {[%emt 0:11:42]} Qb6 {[%emt 0:04:49]} 16. Rfc1 {[%emt 0:03:41]} Rfc8 {[%emt 0:13:28]} 17. Nc4 {[%emt 0:01:27]} Qc5 {[%emt 0:01:14]} 18. Nfd2 {[%emt 0:03:20]} a6 {[%emt 0:03:51]} (18... d5 $5 {[%cal Rd5c4]} 19. Nb3 Qc7 $11) 19. b6 {[%emt 0:05:30]} d5 {[%emt 0:07:14]} 20. exd5 {[%emt 0:02:28]} Nxd5 {[%emt 0:00:42]} 21. Ne4 {[%emt 0:07:24]} Qb5 {[%emt 0:02:22]} 22. Qd1 {[%emt 0:00:08]} Qd7 {[%emt 0:00:25]} 23. Na5 {[%emt 0:15:55]} Nxb6 {[%emt 0:01:09]} 24. Nc5 {[%emt 0:01:10]} Qe7 {[%emt 0:00:10]} 25. Nxe6 {[%emt 0:01:45]} Qxe6 {[%emt 0:00:27]} 26. Bxb7 {[%emt 0:01:20]} Rxc1 {[%emt 0:00:07]} 27. Qxc1 {[%emt 0:00:33]} Re8 {[%emt 0:00:53]} 28. Qc6 {[%emt 0:05:04]} Qxc6 {[%emt 0:01:33]} 29. Nxc6 {[%emt 0:00:08]} Re6 $14 {[%emt 0:01:56]} 30. a4 {[%emt 0:03:17]} Nd5 {[%emt 0:01:27]} 31. Nd8 {[%emt 0:00:05]} Rd6 {[%emt 0:00:20]} 32. Nxf7 {[%emt 0:00:42]} Rd7 {[%emt 0:00:01]} 33. Bc6 {[%emt 0:01:13]} Rxf7 {[%emt 0:00:05]} 34. Bxd5 {[%emt 0:00:04]} Rf5 {[%emt 0:00:13]} 35. Bc4 {[%emt 0:00:16]} Ra5 {[%emt 0:00:26]} 36. f4 {[%emt 0:00:45]} g5 {[%emt 0:01:56]} 37. f5 {[%emt 0:00:16]} Be5 {[%emt 0:00:24]} 38. Re1 {[%emt 0:02:13]} Bf6 {[%emt 0:01:04]} 39. Re6 {[%emt 0:00:11]} Kg7 {[%emt 0:00:21]} 40. Rxa6 {[%emt 0:00:23]} Rxf5 {[%emt 0:00:40]} 41. Ra7+ {[%emt 0:30:05]} Kf8 {[%emt 0:07:30]} 42. Rf7+ {[%emt 0:00:00]} Ke8 {[%emt 0:00:02]} 43. a5 {[%emt 0:00:00]} g4 {[%emt 0:03:18]} 44. a6 {[%emt 0:00:00]} 1-0

[Event "Skalica Open 2019"]
[Site "Skalica"]
[Date "2019.08.26"]
[Round "2.10"]
[White "Skalsky, Alexandr"]
[Black "Danada, Tomas"]
[Result "1/2-1/2"]
[WhiteElo "2128"]
[BlackElo "2266"]
[Annotator "TA"]
[PlyCount "37"]
[EventDate "2019.08.25"]
[EventType "swiss"]
[EventCountry "SVK"]
[SourceTitle "playchess.com"]
[Source "ChessBase"]
[SourceQuality "1"]

{[%evp 11,37,16,16,13,17,13,18,16,2,16,20,26,30,0,0,0,34,37,29,32,33,25,28,31,39,31,21,20]} 1. e4 c6 2. d4 d5 3. exd5 cxd5 4. Bd3 Nc6 5. c3 Qc7 6. Ne2 Bg4 7. O-O {B13: Caro-Kann: Exchange Variation and Panov-Botvinnik Attack} Nf6 8. Qe1 e6 (8... Qc8 9. Ng3 h5 10. f3 Bd7 11. Bf4 h4 12. Ne2 Bf5 13. Bxf5 Qxf5 14. h3 e6 {½-½ (26) Kamsky,G (2666)-Vitiugov,N (2709) Germany 2019}) 9. f3 Bh5 $1 10. Qh4 Bg6 11. Bxg6 fxg6 12. Nf4 Kf7 $1 13. Nd3 Bd6 14. Bf4 $146 ({Predecessor:} 14. Be3 Rhf8 {½-½ (30) Kevlishvili,R (2451)-Balakrishnan,P (2409) Saint Louis 2018}) 14... Bxf4 15. Qxf4 Qxf4 16. Nxf4 Rhe8 17. Na3 e5 18. dxe5 Nxe5 19. Rad1 {Accuracy: White = 86%, Black = 85%.} 1/2-1/2

[Event "Skalica Open 2019"]
[Site "Skalica"]
[Date "2019.08.26"]
[Round "2.11"]
[White "Kuznetsov, Mikhail V."]
[Black "Khmelev, Mikhail"]
[Result "1-0"]
[WhiteElo "2261"]
[BlackElo "2021"]
[Annotator "ChessBase"]
[PlyCount "111"]
[EventDate "2019.08.25"]
[EventType "swiss"]
[EventCountry "SVK"]
[SourceTitle "playchess.com"]
[Source "ChessBase"]
[SourceQuality "1"]
[TimeControl "40/5400+30:1800+30"]

1. d4 {[%emt 0:00:00]} Nf6 {[%emt 0:00:00]} 2. Nf3 {[%emt 0:00:00]} b6 {[%emt 0:00:00]} 3. g3 {[%emt 0:00:00]} Bb7 {[%emt 0:00:00]} 4. Bg2 {[%emt 0:00:00]} c5 {[%emt 0:00:00]} 5. c4 {[%emt 0:03:21]} cxd4 {[%emt 0:00:00]} 6. O-O {[%emt 0:00:26]} Bxf3 {[%emt 0:00:00]} 7. Bxf3 {[%emt 0:00:42]} Nc6 {[%emt 0:00:05]} 8. Qa4 {[%emt 0:09:06]} Rc8 {[%emt 0:07:30]} 9. Rd1 {[%emt 0:03:52]} Ne5 {[%emt 0:00:45]} 10. Rxd4 {[%emt 0:02:49]} Nxf3+ {[%emt 0:00:14]} 11. exf3 {[%emt 0:00:03]} Qc7 {[%emt 0:03:14]} 12. Nc3 {[%emt 0:06:23]} Qb7 {[%emt 0:00:29]} 13. Bg5 {[%emt 0:01:46]} Qc6 {[%emt 0:07:00]} 14. Qa6 {[%emt 0:04:43]} d6 {[%emt 0:08:45]} 15. Re1 {[%emt 0:03:30]} e6 {[%emt 0:05:17]} 16. Bxf6 {[%emt 0:04:45]} gxf6 {[%emt 0:00:05]} 17. Nd5 {[%emt 0:00:11]} Qa8 {[%emt 0:02:34]} 18. Qa4+ {[%emt 0:04:50]} Kd8 {[%emt 0:01:00]} 19. Nxf6 {[%emt 0:00:40]} Rc6 {[%emt 0:01:37]} 20. Red1 {[%emt 0:04:53]} Be7 {[%emt 0:01:36]} 21. Ne4 {[%emt 0:01:45]} Kc7 {[%emt 0:06:48]} 22. b4 {[%emt 0:01:01]} e5 {[%emt 0:01:00]} 23. R4d3 {[%emt 0:04:22]} f5 {[%emt 0:00:29]} 24. Nc3 {[%emt 0:00:23]} Rd8 {[%emt 0:01:25]} 25. Nd5+ {[%emt 0:04:13]} Kd7 {[%emt 0:00:06]} 26. c5 {[%emt 0:00:45]} bxc5 {[%emt 0:01:24]} 27. b5 {[%emt 0:01:59]} Rb6 {[%emt 0:00:04]} 28. Nxb6+ {[%emt 0:00:53]} axb6 {[%emt 0:00:04]} 29. Qc4 {[%emt 0:02:15]} Rf8 {[%emt 0:00:07]} 30. a4 {[%emt 0:01:06]} h5 {[%emt 0:03:04]} 31. f4 {[%emt 0:01:23]} e4 {[%emt 0:00:25]} 32. Ra3 {[%emt 0:00:19]} Qa5 {[%emt 0:00:23]} 33. h4 {[%emt 0:01:44]} Bf6 {[%emt 0:01:45]} 34. Qd5 {[%emt 0:03:14]} Bd4 {[%emt 0:00:09]} 35. Rxd4 {[%emt 0:00:35]} cxd4 {[%emt 0:00:04]} 36. Qxd4 {[%emt 0:00:25]} Rc8 {[%emt 0:05:05]} 37. Re3 {[%emt 0:06:05]} Rc5 {[%emt 0:04:05]} 38. f3 {[%emt 0:05:21]} d5 {[%emt 0:13:45]} 39. fxe4 {[%emt 0:02:56]} fxe4 {[%emt 0:00:12]} 40. Rxe4 {[%emt 0:02:31]} Qc3 {[%emt 0:00:07]} 41. Qxc3 {[%emt 0:31:01]} Rxc3 {[%emt 0:30:06]} 42. Re5 {[%emt 0:00:51]} Rxg3+ {[%emt 0:00:17]} 43. Kf2 {[%emt 0:00:49]} Rd3 {[%emt 0:00:43]} 44. Ke2 {[%emt 0:01:35]} Ra3 {[%emt 0:02:22]} 45. Rxd5+ {[%emt 0:00:55]} Ke6 {[%emt 0:00:08]} 46. Rxh5 {[%emt 0:00:40]} Rxa4 {[%emt 0:00:04]} 47. Kf3 {[%emt 0:01:02]} Rb4 {[%emt 0:00:07]} 48. Kg4 {[%emt 0:00:37]} Kf7 {[%emt 0:00:06]} 49. Rg5 {[%emt 0:01:33]} Rb1 {[%emt 0:00:07]} 50. Rf5+ {[%emt 0:03:39]} Kg7 {[%emt 0:01:27]} 51. Rd5 {[%emt 0:00:20]} Rg1+ {[%emt 0:00:38]} 52. Kf5 {[%emt 0:00:07]} Rb1 {[%emt 0:00:08]} 53. Rd7+ {[%emt 0:00:30]} Kh8 {[%emt 0:00:25]} 54. Rb7 {[%emt 0:00:34]} Rh1 {[%emt 0:00:53]} 55. Rxb6 {[%emt 0:00:41]} Rxh4 {[%emt 0:00:06]} 56. Ke4 1-0

[Event "Skalica Open 2019"]
[Site "Skalica"]
[Date "2019.08.26"]
[Round "2.13"]
[White "Manik, Mikulas"]
[Black "Kovarikova, Maria"]
[Result "1-0"]
[WhiteElo "2374"]
[BlackElo "1854"]
[Annotator "TA"]
[PlyCount "37"]
[EventDate "2019.08.25"]
[EventType "swiss"]
[EventCountry "SVK"]
[SourceTitle "playchess.com"]
[Source "ChessBase"]
[SourceQuality "1"]

{[%evp 9,37,28,45,16,91,101,197,209,280,271,299,302,493,495,545,466,771,654,1322,1388,1363,1382,1985,1915,2315,2246,1866,1801,29991,29990]} 1. e4 e5 2. Nf3 Nc6 3. Bb5 g6 4. d4 Bg7 (4... exd4 5. c3 Nge7 6. cxd4 d5 7. exd5 Nxd5 8. O-O Bg7 9. Bxc6+ bxc6 10. Bg5 Qd6 11. Re1+ Be6 12. Nbd2 O-O 13. Ne4 Qb4 14. Qc1 Rfe8 15. Bd2 Qb6 16. Nc5 Bf5 17. Ne5 Rad8 18. h3 Nf6 19. Nb3 Rd5 20. Nxc6 Rxe1+ 21. Bxe1 Bf8 22. Ne5 {1-0 (46) Naiditsch,A (2721)-Nakamura,H (2763) Douglas 2018}) 5. Bg5 Nge7 {[%cal Re5d4]} 6. Bxc6 {C60: Ruy Lopez: Unusual Black 3rd moves and 3...g6} bxc6 $146 (6... dxc6 $11 7. dxe5 Qxd1+ 8. Kxd1 Bg4) ({Predecessor:} 6... dxc6 7. c3 O-O 8. O-O Bg4 9. h3 Bxf3 10. Qxf3 f6 11. Be3 b5 12. Rd1 {½-½ (36) Dembling,A (1799)-Nelson,C (1544) San Francisco 2011}) 7. dxe5 $16 Ba6 (7... d6 $16) 8. Qd4 $18 {White is clearly better.} O-O 9. Nc3 h6 10. Bf6 Bxf6 $2 {[#]} (10... d5 11. O-O-O Re8) 11. exf6 Nc8 12. O-O-O d6 (12... Re8 $142 13. e5 Nb6) 13. e5 d5 14. Qh4 h5 15. g4 Qd7 16. gxh5 Qf5 17. hxg6 fxg6 18. Ng5 {[%csl Gg5][%cal Rh4h7] [#]} Qd7 19. e6 1-0

[Event "Skalica Open 2019"]
[Site "Skalica"]
[Date "2019.08.26"]
[Round "2.14"]
[White "Benes, Miroslav"]
[Black "Matejovic, Juraj"]
[Result "1/2-1/2"]
[WhiteElo "2107"]
[BlackElo "2237"]
[Annotator "ChessBase"]
[PlyCount "117"]
[EventDate "2019.08.25"]
[EventType "swiss"]
[EventCountry "SVK"]
[SourceTitle "playchess.com"]
[Source "ChessBase"]
[SourceQuality "1"]
[TimeControl "40/5400+30:1800+30"]

1. d4 {[%emt 0:00:00]} Nf6 {[%emt 0:05:06]} 2. c4 {[%emt 0:00:00]} g6 {[%emt 0:00:12]} 3. Nc3 {[%emt 0:00:05]} d5 {[%emt 0:00:14]} 4. e3 {[%emt 0:08:29]} Bg7 {[%emt 0:02:57]} 5. Qb3 {[%emt 0:00:08]} c6 {[%emt 0:23:49]} 6. cxd5 {[%emt 0:11:15]} cxd5 {[%emt 0:00:15]} 7. Bb5+ {[%emt 0:00:25]} Nc6 {[%emt 0:01:33]} 8. Nf3 {[%emt 0:00:27]} O-O {[%emt 0:00:20]} 9. O-O {[%emt 0:03:04]} Qd6 {[%emt 0:01:53]} 10. Bd2 {[%emt 0:08:08]} Bg4 {[%emt 0:03:34]} 11. Be2 {[%emt 0:10:07]} Na5 {[%emt 0:19:31]} 12. Qa4 {[%emt 0:01:18]} Bxf3 {[%emt 0:06:15]} 13. gxf3 {[%emt 0:00:42]} Nc6 {[%emt 0:00:52]} 14. f4 {[%emt 0:01:09]} a6 {[%emt 0:01:11]} 15. Rfc1 {[%emt 0:09:59]} b5 {[%emt 0:01:14]} 16. Qd1 {[%emt 0:00:44]} Rfc8 {[%emt 0:00:25]} 17. Qf1 {[%emt 0:02:02]} Nd7 {[%emt 0:05:53]} 18. Bf3 {[%emt 0:02:51]} e6 {[%emt 0:00:09]} 19. a3 {[%emt 0:03:33]} Nb6 {[%emt 0:02:39]} 20. b3 {[%emt 0:02:26]} Bf8 {[%emt 0:00:22]} 21. Nd1 {[%emt 0:05:14]} Qd8 {[%emt 0:01:35]} 22. Nb2 {[%emt 0:01:20]} Bd6 {[%emt 0:00:38]} 23. Nd3 {[%emt 0:00:28]} Qe7 {[%emt 0:00:18]} 24. Nc5 {[%emt 0:00:30]} Nd7 {[%emt 0:00:47]} 25. Bb4 {[%emt 0:02:25]} Nxc5 {[%emt 0:02:54]} 26. Bxc5 {[%emt 0:00:13]} Na5 {[%emt 0:00:40]} 27. Rc3 {[%emt 0:04:33]} Rc6 {[%emt 0:01:53]} 28. b4 {[%emt 0:05:17]} Nc4 {[%emt 0:00:21]} 29. a4 {[%emt 0:02:39]} Nd2 {[%emt 0:02:55]} 30. Qe2 {[%emt 0:00:52]} Nxf3+ {[%emt 0:00:13]} 31. Qxf3 {[%emt 0:00:02]} bxa4 {[%emt 0:07:29]} 32. Rxa4 {[%emt 0:01:40]} Qb7 {[%emt 0:00:57]} 33. Rca3 {[%emt 0:00:40]} Bxc5 {[%emt 0:02:27]} 34. bxc5 {[%emt 0:00:36]} Qb1+ {[%emt 0:01:29]} 35. Kg2 {[%emt 0:00:26]} Rb8 {[%emt 0:00:51]} 36. Ra1 {[%emt 0:04:11]} Qd3 {[%emt 0:00:55]} 37. R4a3 {[%emt 0:00:41]} Qc4 {[%emt 0:00:31]} 38. R3a2 {[%emt 0:02:12]} Qd3 {[%emt 0:00:53]} 39. f5 {[%emt 0:04:25]} Rb1 {[%emt 0:01:24]} 40. Rxb1 {[%emt 0:00:01]} Qxb1 {[%emt 0:00:08]} 41. fxe6 {[%emt 0:32:51]} fxe6 {[%emt 0:31:35]} 42. Qe2 {[%emt 0:00:00]} Qf5 {[%emt 0:00:00]} 43. f3 {[%emt 0:00:00]} Rc8 {[%emt 0:00:00]} 44. Rxa6 {[%emt 0:00:00]} Qg5+ {[%emt 0:00:00]} 45. Kh1 {[%emt 0:00:00]} Rb8 {[%emt 0:00:00]} 46. Ra1 {[%emt 0:00:00]} Rb3 {[%emt 0:00:00]} 47. Re1 {[%emt 0:00:00]} Qf6 {[%emt 0:00:03]} 48. Rc1 {[%emt 0:00:00]} Qg5 {[%emt 0:01:31]} 49. f4 {[%emt 0:00:00]} Qf5 {[%emt 0:03:06]} 50. Qd2 {[%emt 0:00:28]} Rd3 {[%emt 0:00:04]} 51. Qg2 {[%emt 0:02:21]} Qh5 {[%emt 0:00:35]} 52. Qf2 {[%emt 0:03:18]} Rd1+ {[%emt 0:00:50]} 53. Rxd1 {[%emt 0:00:01]} Qxd1+ {[%emt 0:00:04]} 54. Kg2 {[%emt 0:00:17]} Qg4+ {[%emt 0:00:15]} 55. Kf1 {[%emt 0:01:12]} Qd1+ {[%emt 0:00:13]} 56. Qe1 {[%emt 0:00:16]} Qf3+ {[%emt 0:00:44]} 57. Kg1 {[%emt 0:00:14]} Qg4+ {[%emt 0:00:11]} 58. Kh1 {[%emt 0:02:06]} Qf3+ {[%emt 0:00:11]} 59. Kg1 {[%emt 0:00:20]} 1/2-1/2

[Event "Skalica Open 2019"]
[Site "Skalica"]
[Date "2019.08.26"]
[Round "2.15"]
[White "Gasa, Patrik"]
[Black "Havelka, Ondrej"]
[Result "1/2-1/2"]
[WhiteElo "2187"]
[BlackElo "2112"]
[Annotator "ChessBase"]
[PlyCount "81"]
[EventDate "2019.08.25"]
[EventType "swiss"]
[EventCountry "SVK"]
[SourceTitle "playchess.com"]
[Source "ChessBase"]
[SourceQuality "1"]
[TimeControl "40/5400+30:1800+30"]

1. Nf3 {[%emt 0:00:00]} d5 {[%emt 0:00:00]} 2. d4 {[%emt 0:00:00]} Nf6 {[%emt 0:00:00]} 3. g3 {[%emt 0:00:00]} e6 {[%emt 0:00:00]} 4. Bg2 {[%emt 0:00:00]} Be7 {[%emt 0:00:02]} 5. O-O {[%emt 0:00:00]} O-O {[%emt 0:00:06]} 6. c4 {[%emt 0:00:11]} c6 {[%emt 0:00:19]} 7. b3 {[%emt 0:00:39]} b6 {[%emt 0:00:09]} 8. Bb2 {[%emt 0:05:46]} Bb7 {[%emt 0:00:24]} 9. Nbd2 {[%emt 0:04:15]} Na6 {[%emt 0:02:40]} 10. Ne5 {[%emt 0:04:58]} c5 {[%emt 0:01:31]} 11. e3 {[%emt 0:04:23]} Rc8 {[%emt 0:04:04]} 12. Rc1 {[%emt 0:01:29]} Qc7 {[%emt 0:16:05]} 13. a3 {[%emt 0:20:25]} dxc4 {[%emt 0:02:10]} 14. Rxc4 {[%emt 0:00:49]} Bxg2 {[%emt 0:00:09]} 15. Kxg2 {[%emt 0:00:02]} Rfd8 {[%emt 0:05:56]} 16. Qf3 {[%emt 0:05:27]} Bd6 {[%emt 0:08:31]} 17. Nd3 {[%emt 0:07:11]} Bf8 {[%emt 0:06:52]} 18. Ne4 {[%emt 0:11:55]} Nxe4 {[%emt 0:00:58]} 19. Qxe4 {[%emt 0:00:08]} b5 {[%emt 0:15:00]} 20. Rc3 {[%emt 0:07:43]} Qb8 {[%emt 0:04:28]} 21. Rfc1 {[%emt 0:11:42]} cxd4 {[%emt 0:00:39]} 22. Rxc8 {[%emt 0:01:08]} Rxc8 {[%emt 0:00:02]} 23. Rxc8 {[%emt 0:00:10]} Qxc8 {[%emt 0:00:01]} 24. Qxd4 {[%emt 0:00:21]} Qb7+ {[%emt 0:00:41]} 25. Kg1 {[%emt 0:00:09]} f6 {[%emt 0:03:00]} 26. Qd8 {[%emt 0:03:32]} Kf7 {[%emt 0:02:24]} 27. b4 {[%emt 0:06:46]} Be7 {[%emt 0:00:53]} 28. Qd4 {[%emt 0:00:47]} Nc7 {[%emt 0:01:10]} 29. Qd7 {[%emt 0:02:01]} Qd5 {[%emt 0:03:01]} 30. Qxc7 {[%emt 0:01:02]} Qxd3 {[%emt 0:00:02]} 31. Bd4 {[%emt 0:00:15]} a6 {[%emt 0:02:22]} 32. Bc5 {[%emt 0:01:20]} Qb1+ {[%emt 0:02:28]} 33. Kg2 {[%emt 0:00:54]} Qe4+ {[%emt 0:00:01]} 34. Kf1 {[%emt 0:00:50]} Qb1+ {[%emt 0:00:20]} 35. Ke2 {[%emt 0:00:20]} Qc2+ {[%emt 0:00:04]} 36. Kf3 {[%emt 0:00:21]} Qf5+ {[%emt 0:00:02]} 37. Kg2 {[%emt 0:00:15]} Qe4+ {[%emt 0:00:02]} 38. Kf1 {[%emt 0:00:56]} Qb1+ {[%emt 0:00:02]} 39. Ke2 {[%emt 0:00:07]} Qc2+ {[%emt 0:00:03]} 40. Kf3 {[%emt 0:00:12]} Qf5+ {[%emt 0:00:01]} 41. Kg2 {[%emt 0:30:08]} 1/2-1/2

[Event "Skalica Open 2019"]
[Site "Skalica"]
[Date "2019.08.26"]
[Round "2.16"]
[White "Kalisky, Vladimir"]
[Black "Hrbek, Stepan"]
[Result "1-0"]
[WhiteElo "2179"]
[BlackElo "2066"]
[Annotator "NA"]
[PlyCount "65"]
[EventDate "2019.08.25"]
[EventType "swiss"]
[EventCountry "SVK"]
[SourceTitle "playchess.com"]
[Source "ChessBase"]
[SourceQuality "1"]
[TimeControl "40/5400+30:1800+30"]

1. d4 {[%emt 0:00:00]} d5 {[%emt 0:00:13]} 2. Nf3 {[%emt 0:00:00]} Nf6 {[%emt 0:00:07]} 3. e3 {[%emt 0:00:00]} c5 {[%emt 0:08:18]} 4. b3 {[%emt 0:00:30]} Nc6 {[%emt 0:01:32]} 5. Bb2 {[%emt 0:00:25]} Bg4 {[%emt 0:07:45]} 6. Be2 {[%emt 0:00:06]} e6 {[%emt 0:00:06]} 7. Nbd2 {[%emt 0:00:19]} Be7 {[%emt 0:00:53]} 8. O-O {[%emt 0:00:36]} O-O {[%emt 0:00:04]} 9. h3 {[%emt 0:00:03]} Bh5 {[%emt 0:00:22]} 10. Rc1 {[%emt 0:00:45]} Rc8 {[%emt 0:08:05]} 11. c4 {[%emt 0:03:26]} cxd4 {[%emt 0:00:35]} 12. Nxd4 {[%emt 0:01:18]} Bxe2 {[%emt 0:06:32]} 13. Qxe2 {[%emt 0:00:10]} Qa5 {[%emt 0:07:24]} 14. cxd5 {[%emt 0:12:49]} Nxd5 {[%emt 0:03:06]} 15. Nxc6 {[%emt 0:19:31]} Rxc6 $14 {[%emt 0:02:19]} 16. Rxc6 {[%emt 0:08:20]} bxc6 {[%emt 0:01:37]} 17. Ra1 {[%emt 0:02:48]} Bf6 {[%emt 0:13:01]} 18. Nc4 {[%emt 0:01:08]} Qb5 {[%emt 0:00:15]} 19. Bxf6 {[%emt 0:03:51]} Nxf6 {[%emt 0:00:36]} 20. Rd1 {[%emt 0:02:02]} Nd5 {[%emt 0:02:52]} 21. Qd2 {[%emt 0:02:25]} c5 {[%emt 0:03:57]} 22. Qb2 {[%emt 0:06:03]} a5 {[%emt 0:09:46]} 23. e4 {[%emt 0:11:14]} Nb4 {[%emt 0:04:23]} 24. Rd6 {[%emt 0:00:55]} a4 {[%emt 0:02:01]} 25. Nb6 {[%emt 0:09:53]} axb3 {[%emt 0:03:04]} 26. Qxb3 {[%emt 0:00:25]} Qe2 {[%emt 0:00:25]} 27. Nd7 {[%emt 0:03:10]} Re8 {[%emt 0:03:06]} 28. a3 {[%emt 0:02:08]} Nc2 {[%emt 0:03:55]} 29. Qg3 {[%emt 0:00:26]} Ra8 {[%emt 0:06:10]} 30. Nf6+ {[%emt 0:01:36]} Kh8 {[%emt 0:01:34]} 31. Rd7 {[%emt 0:04:32]} Rf8 {[%emt 0:00:51]} 32. Rxf7 {[%emt 0:00:35]} Qd1+ {[%emt 0:00:33]} 33. Kh2 {[%emt 0:00:17]} 1-0

[Event "Skalica Open 2019"]
[Site "Skalica"]
[Date "2019.08.26"]
[Round "2.17"]
[White "Kantorik, Marian"]
[Black "Londin, Simon"]
[Result "1/2-1/2"]
[WhiteElo "2164"]
[BlackElo "2038"]
[Annotator "TA"]
[PlyCount "51"]
[EventDate "2019.08.25"]
[EventType "swiss"]
[EventCountry "SVK"]
[SourceTitle "playchess.com"]
[Source "ChessBase"]
[SourceQuality "1"]

{[%evp 20,51,67,17,43,14,0,10,35,-32,26,0,40,37,51,47,54,26,43,43,45,43,64,28,38,0,62,51,47,46,43,0,0,3]} 1. d4 Nf6 2. c4 c5 3. d5 b5 4. cxb5 a6 5. bxa6 g6 6. Nc3 Bg7 7. g3 d6 8. Bg2 Bxa6 9. Nf3 O-O 10. O-O Nbd7 {[%cal Bb8d7,Bd7b6,Bb6c4][%mdl 32]} 11. h3 Ra7 {A58: Benko/Volga Gambit: Lines with 5 bxa6} (11... Qa5 12. Bd2 Nb6 13. b3 Nfd7 14. Qc2 c4 15. b4 Qxb4 16. e3 Qc5 17. Nd4 Rfe8 18. Nde2 Ne5 19. e4 Nd3 {1-0 (34) Grachev,B (2668)-Brkic,A (2564) Sibenik 2010}) 12. Qc2 Qa8 13. Rd1 Rb8 14. Rb1 (14. Nd2 $14) 14... Ne8 $146 ({Better is} 14... Bc4 $15) ({Predecessor:} 14... Bc4 15. Nd2 Bxa2 16. Ra1 Ne8 17. Rxa2 Rxa2 18. Nxa2 Qxa2 19. Qc4 Qxc4 20. Nxc4 Nb6 21. Na5 Na4 22. Nc4 Rb7 23. Bg5 Bf6 24. Bxf6 Nxf6 25. e4 {0-1 (25) Kojic,T (2316)-Drazic,S (2461) Zenica 2013}) 15. Bg5 Nb6 16. e4 Nc4 17. Bf1 Rab7 {[%cal Rc4b2]} 18. Bc1 (18. Bxc4 $5 Bxc4 19. b3 $14) 18... Nc7 19. b3 Na3 20. Bxa3 {[#] aiming for Bb2.} Bxf1 21. Kxf1 {Bb2 is the strong threat.} (21. Bxc5 {feels hotter.} Bxh3 22. Bd4 Bg4 23. Bxg7 Bxf3 24. Rd3) 21... Qxa3 22. e5 Nb5 (22... dxe5 $11 23. Qe2 Qa6) 23. Nxb5 $14 Rxb5 24. exd6 exd6 25. Nd2 Ra5 26. Nc4 {Accuracy: White = 40%, Black = 47%.} 1/2-1/2